[Event "Stay Safe Play From Home 406"]
[Site "Emanuel Lasker Arena"]
[Date "2020.08.24"]
[Round "3"]
[White "Nguyen Hong Anh"]
[Black "Buzaglo"]
[Result "1-0"]
[WhiteElo "2254"]
[BlackElo "1833"]
[PlyCount "59"]
[EventDate "2020.08.24"]
[EventType "swiss (blitz)"]

1. d4 {[%emt 0:00:01]} e6 {[%emt 0:00:00]} 2. c4 {[%emt 0:00:01]} d5 {[%emt 0:00:00]} 3. Nf3 {[%emt 0:00:00]} Nf6 {[%emt 0:00:01]} 4. g3 {[%emt 0:00:00]} dxc4 {[%emt 0:00:02]} 5. Bg2 {[%emt 0:00:00]} Bb4+ {[%emt 0:00:01]} 6. Bd2 {[%emt 0:00:01]} Bxd2+ {[%emt 0:00:01]} 7. Nbxd2 {[%emt 0:00:00]} O-O {[%emt 0:00:00]} 8. O-O {[%emt 0:00:00]} c5 {[%emt 0:00:01]} 9. dxc5 {[%emt 0:00:01]} Qc7 {[%emt 0:00:01]} 10. Nxc4 {[%emt 0:00:01]} Qxc5 {[%emt 0:00:01]} 11. Rc1 {[%emt 0:00:00]} Qb4 {[%emt 0:00:01]} 12. b3 {[%emt 0:00:01]} b5 {[%emt 0:00:02]} 13. Ne3 {[%emt 0:00:03]} Bb7 {[%emt 0:00:01]} 14. Qc2 {[%emt 0:00:02]} Rc8 {[%emt 0:00:04]} 15. Qb2 {[%emt 0:00:02]} Rxc1 {[%emt 0:00:02]} 16. Rxc1 {[%emt 0:00:03]} h6 {[%emt 0:00:01]} 17. a3 {[%emt 0:00:03]} Qe7 {[%emt 0:00:02]} 18. b4 {[%emt 0:00:01]} Nc6 {[%emt 0:00:03]} 19. Nc2 {[%emt 0:00:03]} Rc8 {[%emt 0:00:01]} 20. Ncd4 {[%emt 0:00:00]} Nxd4 {[%emt 0:00:01]} 21. Nxd4 {[%emt 0:00:00]} Bxg2 {[%emt 0:00:01]} 22. Rxc8+ {[%emt 0:00:02]} Kh7 {[%emt 0:00:02]} 23. Kxg2 {[%emt 0:00:00]} Qb7+ {[%emt 0:00:01]} 24. Rc6 {[%emt 0:00:02]} Nd5 {[%emt 0:00:01]} 25. Qc2+ {[%emt 0:00:01]} g6 {[%emt 0:00:05]} 26. Kg1 {[%emt 0:00:00]} Nf6 {[%emt 0:00:02]} 27. Rc7 {[%emt 0:00:01]} Qb8 {[%emt 0:00:01]} 28. Rxf7+ {[%emt 0:00:00]} Kg8 {[%emt 0:00:01]} 29. Qxg6+ {[%emt 0:00:00]} Kh8 {[%emt 0:00:02]} 30. Qg7# {[%emt 0:00:00] (Lag: Av=0.79s, max=1.4s) (Lag: Av=0.79s, max=1.4s) (Lag: Av=0.79s, max=1.4s)} 1-0

[Event "Stay Safe Play From Home 406"]
[Site "Emanuel Lasker Arena"]
[Date "2020.08.24"]
[Round "3"]
[White "Lamborghini"]
[Black "theCHESSHOUSE"]
[Result "1-0"]
[WhiteElo "2246"]
[BlackElo "2027"]
[PlyCount "51"]
[EventDate "2020.08.24"]
[EventType "swiss (blitz)"]

1. e4 {[%emt 0:00:03]} g6 {[%emt 0:00:01]} 2. d4 {[%emt 0:00:01]} Bg7 {[%emt 0:00:01]} 3. Nc3 {[%emt 0:00:00]} d6 {[%emt 0:00:00]} 4. Be3 {[%emt 0:00:01]} a6 {[%emt 0:00:00]} 5. Qf3 {[%emt 0:00:01]} Nd7 {[%emt 0:00:01]} 6. O-O-O {[%emt 0:00:01]} e6 {[%emt 0:00:00]} 7. Nge2 {[%emt 0:00:01]} Ne7 {[%emt 0:00:01]} 8. g4 {[%emt 0:00:01]} b5 {[%emt 0:00:01]} 9. Ng3 {[%emt 0:00:01]} Bb7 {[%emt 0:00:01]} 10. h4 {[%emt 0:00:01]} h5 {[%emt 0:00:01]} 11. gxh5 {[%emt 0:00:01]} Nf6 {[%emt 0:00:05]} 12. hxg6 {[%emt 0:00:01]} fxg6 {[%emt 0:00:00]} 13. Bd3 {[%emt 0:00:03]} Neg8 {[%emt 0:00:02]} 14. d5 {[%emt 0:00:03]} e5 {[%emt 0:00:01]} 15. Rdg1 {[%emt 0:00:03]} Qe7 {[%emt 0:00:03]} 16. h5 {[%emt 0:00:01]} Nxh5 {[%emt 0:00:02]} 17. Rxh5 {[%emt 0:00:04]} gxh5 {[%emt 0:00:00]} 18. Nf5 {[%emt 0:00:01]} Qf7 {[%emt 0:00:08]} 19. Nxg7+ {[%emt 0:00:01]} Ke7 {[%emt 0:00:01]} 20. Bg5+ {[%emt 0:00:01]} Kf8 {[%emt 0:00:02]} 21. Ne6+ {[%emt 0:00:01]} Ke8 {[%emt 0:00:01]} 22. Qxf7+ {[%emt 0:00:01]} Kxf7 {[%emt 0:00:00]} 23. Nxc7 {[%emt 0:00:01]} Rc8 {[%emt 0:00:01]} 24. Ne6 {[%emt 0:00:01]} Ne7 {[%emt 0:00:01]} 25. Bxe7 {[%emt 0:00:01]} Kxe7 {[%emt 0:00:00]} 26. Rg7+ {[%emt 0:00:02] theCHESSHOUSE resigns theCHESSHOUSE resigns theCHESSHOUSE resigns (Lag: Av=0.66s, max=1.0s) (Lag: Av=0.66s, max=1.0s) (Lag: Av=0.66s, max=1.0s)} 1-0

[Event "Stay Safe Play From Home 406"]
[Site "Emanuel Lasker Arena"]
[Date "2020.08.24"]
[Round "3"]
[White "MihailoVujic"]
[Black "NTBT_DHS"]
[Result "0-1"]
[WhiteElo "2241"]
[BlackElo "2526"]
[PlyCount "72"]
[EventDate "2020.08.24"]
[EventType "swiss (blitz)"]

1. e4 {[%emt 0:00:01]} g6 {[%emt 0:00:00]} 2. d4 {[%emt 0:00:01]} Bg7 {[%emt 0:00:00]} 3. Nc3 {[%emt 0:00:01]} d6 {[%emt 0:00:00]} 4. Bg5 {[%emt 0:00:00]} Nd7 {[%emt 0:00:01]} 5. Nf3 {[%emt 0:00:01]} c5 {[%emt 0:00:00]} 6. d5 {[%emt 0:00:02]} Qa5 {[%emt 0:00:01]} 7. Qd2 {[%emt 0:00:01]} a6 {[%emt 0:00:02]} 8. Be2 {[%emt 0:00:03]} b5 {[%emt 0:00:00]} 9. O-O {[%emt 0:00:02]} Ngf6 {[%emt 0:00:00]} 10. Bh6 {[%emt 0:00:03]} Bxh6 {[%emt 0:00:00]} 11. Qxh6 {[%emt 0:00:01]} b4 {[%emt 0:00:00]} 12. Nd1 {[%emt 0:00:02]} Ne5 {[%emt 0:00:08]} 13. Nxe5 {[%emt 0:00:01]} dxe5 {[%emt 0:00:00]} 14. Bc4 {[%emt 0:00:03]} Nxe4 {[%emt 0:00:02]} 15. Qg7 {[%emt 0:00:01]} Rf8 {[%emt 0:00:01]} 16. Qxh7 {[%emt 0:00:02]} Bf5 {[%emt 0:00:02]} 17. Ne3 {[%emt 0:00:01]} Nd6 {[%emt 0:00:01]} 18. Nxf5 {[%emt 0:00:04]} gxf5 {[%emt 0:00:00]} 19. b3 {[%emt 0:00:07]} O-O-O {[%emt 0:00:01]} 20. Qh4 {[%emt 0:00:00]} f6 {[%emt 0:00:04]} 21. Qg3 {[%emt 0:00:02]} Rg8 {[%emt 0:00:03]} 22. Qd3 {[%emt 0:00:01]} e4 {[%emt 0:00:02]} 23. Qe2 {[%emt 0:00:01]} f4 {[%emt 0:00:01]} 24. Bxa6+ {[%emt 0:00:01]} Kc7 {[%emt 0:00:00]} 25. Bc4 {[%emt 0:00:01]} f3 {[%emt 0:00:01]} 26. Qe3 {[%emt 0:00:02]} Rxg2+ {[%emt 0:00:01]} 27. Kh1 {[%emt 0:00:01]} Rh8 {[%emt 0:00:00]} 28. Qf4 {[%emt 0:00:01]} Kb7 {[%emt 0:00:06]} 29. Rg1 {[%emt 0:00:01]} Rxf2 {[%emt 0:00:04]} 30. Rg7 {[%emt 0:00:01]} Qc7 {[%emt 0:00:01]} 31. a3 {[%emt 0:00:01]} Rhxh2+ {[%emt 0:00:01]} 32. Qxh2 {[%emt 0:00:01]} Rxh2+ {[%emt 0:00:00]} 33. Kxh2 {[%emt 0:00:01]} Nf5+ {[%emt 0:00:01]} 34. Kh1 {[%emt 0:00:01]} Nxg7 {[%emt 0:00:01]} 35. axb4 {[%emt 0:00:01]} Qg3 {[%emt 0:00:01]} 36. bxc5 {[%emt 0:00:03]} Qg2# {[%emt 0:00:01] (Lag: Av=0.79s, max=1.7s) (Lag: Av=0.79s, max=1.7s) (Lag: Av=0.79s, max=1.7s)} 0-1

[Event "Stay Safe Play From Home 406"]
[Site "Emanuel Lasker Arena"]
[Date "2020.08.24"]
[Round "3"]
[White "Lazieri3"]
[Black "Fat Kevin"]
[Result "1-0"]
[WhiteElo "1945"]
[BlackElo "2026"]
[PlyCount "59"]
[EventDate "2020.08.24"]
[EventType "swiss (blitz)"]

1. e4 {[%emt 0:00:01]} c5 {[%emt 0:00:00]} 2. Nc3 {[%emt 0:00:00]} Nf6 {[%emt 0:00:00]} 3. d3 {[%emt 0:00:00]} d5 {[%emt 0:00:01]} 4. Nf3 {[%emt 0:00:00]} d4 {[%emt 0:00:01]} 5. Ne2 {[%emt 0:00:01]} Nc6 {[%emt 0:00:00]} 6. Bg5 {[%emt 0:00:01]} e5 {[%emt 0:00:01]} 7. Bxf6 {[%emt 0:00:01]} gxf6 {[%emt 0:00:01]} 8. Ng3 {[%emt 0:00:02]} f5 {[%emt 0:00:02]} 9. Nxf5 {[%emt 0:00:01]} Bxf5 {[%emt 0:00:02]} 10. exf5 {[%emt 0:00:00]} Bh6 {[%emt 0:00:01]} 11. Nh4 {[%emt 0:00:01]} Qxh4 {[%emt 0:00:02]} 12. g3 {[%emt 0:00:01]} Qf6 {[%emt 0:00:01]} 13. Bg2 {[%emt 0:00:01]} Qxf5 {[%emt 0:00:01]} 14. O-O {[%emt 0:00:01]} Qe6 {[%emt 0:00:01]} 15. h4 {[%emt 0:00:01]} O-O-O {[%emt 0:00:01]} 16. Kh2 {[%emt 0:00:00]} f5 {[%emt 0:00:01]} 17. Bh3 {[%emt 0:00:01]} Kb8 {[%emt 0:00:01]} 18. Qh5 {[%emt 0:00:01]} Rdf8 {[%emt 0:00:02]} 19. Rae1 {[%emt 0:00:02]} Qf6 {[%emt 0:00:01]} 20. Re2 {[%emt 0:00:02]} Rhg8 {[%emt 0:00:02]} 21. Rfe1 {[%emt 0:00:01]} Rg6 {[%emt 0:00:14]} 22. Bg2 {[%emt 0:00:02]} f4 {[%emt 0:00:02]} 23. Bxc6 {[%emt 0:00:01]} fxg3+ {[%emt 0:00:01]} 24. fxg3 {[%emt 0:00:01]} Qxc6 {[%emt 0:00:01]} 25. Qxe5+ {[%emt 0:00:03]} Kc8 {[%emt 0:00:05]} 26. Qe7 {[%emt 0:00:06]} Rfg8 {[%emt 0:00:02]} 27. Re6 {[%emt 0:00:05]} Qf3 {[%emt 0:00:04]} 28. Qxc5+ {[%emt 0:00:03]} Kb8 {[%emt 0:00:02]} 29. Re8+ {[%emt 0:00:01]} Rxe8 {[%emt 0:00:02]} 30. Rxe8# {[%emt 0:00:00] (Lag: Av=0.50s, max=1.1s) (Lag: Av=0.50s, max=1.1s) (Lag: Av=0.50s, max=1.1s)} 1-0

[Event "Stay Safe Play From Home 406"]
[Site "Emanuel Lasker Arena"]
[Date "2020.08.24"]
[Round "3"]
[White "AgentsofShield"]
[Black "KING o KONG"]
[Result "1-0"]
[WhiteElo "1944"]
[BlackElo "946"]
[PlyCount "61"]
[EventDate "2020.08.24"]
[EventType "swiss (blitz)"]

1. Nf3 {[%emt 0:00:02]} e6 {[%emt 0:00:02]} 2. g3 {[%emt 0:00:00]} d6 {[%emt 0:00:01]} 3. d3 {[%emt 0:00:00]} Nh6 {[%emt 0:00:01]} 4. Bg2 {[%emt 0:00:00]} b6 {[%emt 0:00:03]} 5. Nbd2 {[%emt 0:00:00]} Bb7 {[%emt 0:00:01]} 6. e4 {[%emt 0:00:00]} Be7 {[%emt 0:00:03]} 7. O-O {[%emt 0:00:00]} Ng4 {[%emt 0:00:01]} 8. a4 {[%emt 0:00:00]} Nxh2 {[%emt 0:00:01]} 9. Re1 {[%emt 0:00:00]} Qd7 {[%emt 0:00:01]} 10. Nxh2 {[%emt 0:00:02]} Nc6 {[%emt 0:00:02]} 11. Ndf3 {[%emt 0:00:00]} O-O-O {[%emt 0:00:01]} 12. a5 {[%emt 0:00:02]} h5 {[%emt 0:00:03]} 13. axb6 {[%emt 0:00:01]} cxb6 {[%emt 0:00:02]} 14. Bg5 {[%emt 0:00:01]} a5 {[%emt 0:00:02]} 15. c3 {[%emt 0:00:03]} f6 {[%emt 0:00:01]} 16. Be3 {[%emt 0:00:02]} g5 {[%emt 0:00:01]} 17. Bxb6 {[%emt 0:00:01]} Rde8 {[%emt 0:00:03]} 18. Bxa5 {[%emt 0:00:01]} g4 {[%emt 0:00:01]} 19. Nh4 {[%emt 0:00:02]} Nxa5 {[%emt 0:00:02]} 20. Rxa5 {[%emt 0:00:01]} f5 {[%emt 0:00:01]} 21. Ng6 {[%emt 0:00:03]} Rhg8 {[%emt 0:00:03]} 22. Nxe7+ {[%emt 0:00:03]} Rxe7 {[%emt 0:00:02]} 23. Qb3 {[%emt 0:00:07]} Qc7 {[%emt 0:00:02]} 24. Rea1 {[%emt 0:00:03]} Kd7 {[%emt 0:00:01]} 25. Ra7 {[%emt 0:00:01]} Ree8 {[%emt 0:00:02]} 26. exf5 {[%emt 0:00:01]} Ra8 {[%emt 0:00:02]} 27. Qxe6+ {[%emt 0:00:02]} Kd8 {[%emt 0:00:04]} 28. Qxg8+ {[%emt 0:00:02]} Kd7 {[%emt 0:00:01]} 29. Qe6+ {[%emt 0:00:00]} Kd8 {[%emt 0:00:06]} 30. Rxa8+ {[%emt 0:00:00]} Bxa8 {[%emt 0:00:04]} 31. Rxa8+ {[%emt 0:00:00] TimeB TimeB TimeB} 1-0

[Event "Stay Safe Play From Home 406"]
[Site "Emanuel Lasker Arena"]
[Date "2020.08.24"]
[Round "3"]
[White "Greblah"]
[Black "Mvali"]
[Result "1-0"]
[WhiteElo "1868"]
[BlackElo "1170"]
[Annotator "NA"]
[PlyCount "27"]
[EventDate "2020.08.24"]
[EventType "swiss (blitz)"]

1. e4 {[%emt 0:00:00]} e5 {[%emt 0:00:04]} 2. Nf3 {[%emt 0:00:02]} Be7 {[%emt 0:00:03]} 3. Bb5 {[%emt 0:00:02]} c6 {[%emt 0:00:03]} 4. Ba4 {[%emt 0:00:01]} b5 {[%emt 0:00:02]} 5. Bb3 {[%emt 0:00:01]} Nh6 {[%emt 0:00:03]} 6. Nxe5 {[%emt 0:00:01]} O-O {[%emt 0:00:03]} 7. d4 {[%emt 0:00:01]} d6 {[%emt 0:00:03]} 8. Bxh6 {[%emt 0:00:01]} dxe5 {[%emt 0:00:04]} 9. Be3 {[%emt 0:00:01]} g6 {[%emt 0:00:03]} 10. O-O {[%emt 0:00:01]} Re8 {[%emt 0:00:02]} 11. c4 {[%emt 0:00:02]} Na6 {[%emt 0:00:03]} 12. cxb5 {[%emt 0:00:02]} cxb5 {[%emt 0:00:03]} 13. Qf3 {[%emt 0:00:01]} Nb4 {[%emt 0:00:08]} 14. Qxf7+ {[%emt 0:00:03] TimeB TimeB TimeB} 1-0

[Event "Stay Safe Play From Home 406"]
[Site "Emanuel Lasker Arena"]
[Date "2020.08.24"]
[Round "3"]
[White "Trotsky"]
[Black "Klasman"]
[Result "1-0"]
[WhiteElo "1579"]
[BlackElo "1308"]
[Annotator "NA"]
[PlyCount "57"]
[EventDate "2020.08.24"]
[EventType "swiss (blitz)"]

1. d4 {[%emt 0:00:01]} f5 {[%emt 0:00:01]} 2. e3 {[%emt 0:00:00]} Nf6 {[%emt 0:00:01]} 3. c4 {[%emt 0:00:01]} e6 {[%emt 0:00:02]} 4. Nc3 {[%emt 0:00:01]} c6 {[%emt 0:00:02]} 5. Bd3 {[%emt 0:00:01]} Bb4 {[%emt 0:00:02]} 6. Qc2 {[%emt 0:00:01]} Qa5 {[%emt 0:00:02]} 7. Bd2 {[%emt 0:00:01]} Bxc3 {[%emt 0:00:03]} 8. bxc3 {[%emt 0:00:01]} Qd8 {[%emt 0:00:03]} 9. Nf3 {[%emt 0:00:01]} d5 {[%emt 0:00:01]} 10. h4 {[%emt 0:00:01]} h6 {[%emt 0:00:03]} 11. c5 {[%emt 0:00:02]} Nbd7 {[%emt 0:00:02]} 12. O-O-O {[%emt 0:00:01]} b5 {[%emt 0:00:08]} 13. Kb1 {[%emt 0:00:01]} a5 {[%emt 0:00:01]} 14. e4 {[%emt 0:00:02]} fxe4 {[%emt 0:00:02]} 15. Ne5 {[%emt 0:00:03]} exd3 {[%emt 0:00:02]} 16. Qxd3 {[%emt 0:00:02]} Nxe5 {[%emt 0:00:01]} 17. dxe5 {[%emt 0:00:01]} Ne4 {[%emt 0:00:02]} 18. f4 {[%emt 0:00:02]} O-O {[%emt 0:00:04]} 19. g4 {[%emt 0:00:01]} Nf2 {[%emt 0:00:01]} 20. Qf3 {[%emt 0:00:03]} Nxd1 {[%emt 0:00:01]} 21. Rxd1 {[%emt 0:00:02]} Qxh4 {[%emt 0:00:01]} 22. g5 {[%emt 0:00:02]} hxg5 {[%emt 0:00:02]} 23. Qe3 {[%emt 0:00:05]} gxf4 {[%emt 0:00:02]} 24. Qd3 {[%emt 0:00:01]} Rf5 {[%emt 0:00:02]} 25. Qe2 {[%emt 0:00:02]} f3 {[%emt 0:00:02]} 26. Qe3 {[%emt 0:00:01]} f2 {[%emt 0:00:02]} 27. Rf1 {[%emt 0:00:01]} Qh2 {[%emt 0:00:03]} 28. Qe2 {[%emt 0:00:04]} Qg2 {[%emt 0:00:01]} 29. Be3 {[%emt 0:00:02] Time Time Time (Lag: Av=0.43s, max=1.1s) (Lag: Av=0.43s, max=1.1s) (Lag: Av=0.43s, max=1.1s)} 1-0

[Event "Stay Safe Play From Home 406"]
[Site "Emanuel Lasker Arena"]
[Date "2020.08.24"]
[Round "4"]
[White "NTBT_DHS"]
[Black "IceQueen"]
[Result "1-0"]
[WhiteElo "2532"]
[BlackElo "2343"]
[PlyCount "63"]
[EventDate "2020.08.24"]
[EventType "swiss (blitz)"]

1. e4 {[%emt 0:00:01]} d6 {[%emt 0:00:00]} 2. Nf3 {[%emt 0:00:01]} Nf6 {[%emt 0:00:00]} 3. Nc3 {[%emt 0:00:01]} g6 {[%emt 0:00:00]} 4. Bc4 {[%emt 0:00:01]} c6 {[%emt 0:00:00]} 5. e5 {[%emt 0:00:01]} dxe5 {[%emt 0:00:01]} 6. Nxe5 {[%emt 0:00:00]} e6 {[%emt 0:00:01]} 7. d4 {[%emt 0:00:01]} Nbd7 {[%emt 0:00:01]} 8. O-O {[%emt 0:00:01]} Bg7 {[%emt 0:00:01]} 9. Bg5 {[%emt 0:00:02]} h6 {[%emt 0:00:02]} 10. Bh4 {[%emt 0:00:01]} g5 {[%emt 0:00:00]} 11. Bg3 {[%emt 0:00:01]} O-O {[%emt 0:00:01]} 12. Re1 {[%emt 0:00:01]} Nb6 {[%emt 0:00:01]} 13. Bb3 {[%emt 0:00:01]} Nfd5 {[%emt 0:00:00]} 14. Ne4 {[%emt 0:00:01]} f5 {[%emt 0:00:01]} 15. Nc5 {[%emt 0:00:01]} f4 {[%emt 0:00:01]} 16. c4 {[%emt 0:00:02]} fxg3 {[%emt 0:00:02]} 17. hxg3 {[%emt 0:00:01]} Nf6 {[%emt 0:00:01]} 18. Ng6 {[%emt 0:00:01]} Re8 {[%emt 0:00:01]} 19. Ne5 {[%emt 0:00:04]} Nbd7 {[%emt 0:00:01]} 20. Nxc6 {[%emt 0:00:03]} bxc6 {[%emt 0:00:01]} 21. Nxe6 {[%emt 0:00:00]} Qe7 {[%emt 0:00:03]} 22. c5 {[%emt 0:00:02]} Kh8 {[%emt 0:00:02]} 23. Qf3 {[%emt 0:00:00]} Nd5 {[%emt 0:00:03]} 24. Nxg7 {[%emt 0:00:01]} Qxe1+ {[%emt 0:00:00]} 25. Rxe1 {[%emt 0:00:01]} Rxe1+ {[%emt 0:00:00]} 26. Kh2 {[%emt 0:00:00]} Kxg7 {[%emt 0:00:00]} 27. Bxd5 {[%emt 0:00:00]} cxd5 {[%emt 0:00:00]} 28. Qxd5 {[%emt 0:00:00]} Rb8 {[%emt 0:00:01]} 29. Qd6 {[%emt 0:00:01]} Re8 {[%emt 0:00:01]} 30. c6 {[%emt 0:00:01]} Rb6 {[%emt 0:00:00]} 31. cxd7 {[%emt 0:00:01]} Rd8 {[%emt 0:00:05]} 32. Qe7+ {[%emt 0:00:01] IceQueen resigns IceQueen resigns IceQueen resigns (Lag: Av=0.59s, max=1.2s) (Lag: Av=0.59s, max=1.2s) (Lag: Av=0.59s, max=1.2s)} 1-0

[Event "Stay Safe Play From Home 406"]
[Site "Emanuel Lasker Arena"]
[Date "2020.08.24"]
[Round "4"]
[White "AChessPlayer"]
[Black "AgentsofShield"]
[Result "1-0"]
[WhiteElo "2430"]
[BlackElo "1944"]
[PlyCount "71"]
[EventDate "2020.08.24"]
[EventType "swiss (blitz)"]

1. Nf3 {[%emt 0:00:01]} Nf6 {[%emt 0:00:04]} 2. g3 {[%emt 0:00:00]} g6 {[%emt 0:00:00]} 3. Bg2 {[%emt 0:00:00]} d6 {[%emt 0:00:00]} 4. O-O {[%emt 0:00:00]} Bg7 {[%emt 0:00:00]} 5. d4 {[%emt 0:00:00]} O-O {[%emt 0:00:00]} 6. Nbd2 {[%emt 0:00:00]} Nc6 {[%emt 0:00:00]} 7. c3 {[%emt 0:00:01]} Re8 {[%emt 0:00:28]} 8. e4 {[%emt 0:00:01]} e5 {[%emt 0:00:01]} 9. d5 {[%emt 0:00:01]} Ne7 {[%emt 0:00:01]} 10. h3 {[%emt 0:00:01]} h6 {[%emt 0:00:00]} 11. c4 {[%emt 0:00:01]} Nd7 {[%emt 0:00:00]} 12. a3 {[%emt 0:00:02]} a5 {[%emt 0:00:00]} 13. Rb1 {[%emt 0:00:01]} a4 {[%emt 0:00:01]} 14. b4 {[%emt 0:00:01]} axb3 {[%emt 0:00:01]} 15. Nxb3 {[%emt 0:00:00]} b6 {[%emt 0:00:01]} 16. Ne1 {[%emt 0:00:01]} Ba6 {[%emt 0:00:01]} 17. Qc2 {[%emt 0:00:01]} Rf8 {[%emt 0:00:01]} 18. Nd3 {[%emt 0:00:00]} f5 {[%emt 0:00:01]} 19. Nb4 {[%emt 0:00:00]} Nc5 {[%emt 0:00:02]} 20. Nxc5 {[%emt 0:00:02]} bxc5 {[%emt 0:00:01]} 21. Nxa6 {[%emt 0:00:00]} Rxa6 {[%emt 0:00:00]} 22. a4 {[%emt 0:00:00]} Qd7 {[%emt 0:00:01]} 23. Ra1 {[%emt 0:00:02]} Rfa8 {[%emt 0:00:01]} 24. a5 {[%emt 0:00:02]} Rxa5 {[%emt 0:00:01]} 25. Rxa5 {[%emt 0:00:00]} Rxa5 {[%emt 0:00:00]} 26. Qd2 {[%emt 0:00:01]} Ra4 {[%emt 0:00:01]} 27. Qc2 {[%emt 0:00:01]} Rb4 {[%emt 0:00:05]} 28. Bd2 {[%emt 0:00:00]} Rb7 {[%emt 0:00:01]} 29. Ra1 {[%emt 0:00:00]} Kh7 {[%emt 0:00:01]} 30. Kh2 {[%emt 0:00:00]} g5 {[%emt 0:00:02]} 31. exf5 {[%emt 0:00:01]} Nxf5 {[%emt 0:00:01]} 32. Be4 {[%emt 0:00:00]} Kg6 {[%emt 0:00:02]} 33. g4 {[%emt 0:00:00]} Qf7 {[%emt 0:00:01]} 34. Bxf5+ {[%emt 0:00:00]} Kf6 {[%emt 0:00:00]} 35. Ra6 {[%emt 0:00:02]} e4 {[%emt 0:00:01]} 36. Bc3+ {[%emt 0:00:01] Time Time Time (Lag: Av=0.93s, max=1.7s) (Lag: Av=0.93s, max=1.7s) (Lag: Av=0.93s, max=1.7s)} 1-0

[Event "Stay Safe Play From Home 406"]
[Site "Emanuel Lasker Arena"]
[Date "2020.08.24"]
[Round "4"]
[White "Mepe_Nika"]
[Black "Tran Minh Thang"]
[Result "1-0"]
[WhiteElo "2412"]
[BlackElo "2471"]
[PlyCount "117"]
[EventDate "2020.08.24"]
[EventType "swiss (blitz)"]

1. d4 {[%emt 0:00:01]} Nf6 {[%emt 0:00:01]} 2. c4 {[%emt 0:00:01]} e6 {[%emt 0:00:00]} 3. Nc3 {[%emt 0:00:02]} d5 {[%emt 0:00:01]} 4. Nf3 {[%emt 0:00:01]} Bb4 {[%emt 0:00:01]} 5. cxd5 {[%emt 0:00:02]} exd5 {[%emt 0:00:01]} 6. Bg5 {[%emt 0:00:01]} O-O {[%emt 0:00:01]} 7. e3 {[%emt 0:00:01]} h6 {[%emt 0:00:01] Mepe_Nika offers a draw} 8. Bh4 {[%emt 0:00:01]} g5 {[%emt 0:00:00]} 9. Bg3 {[%emt 0:00:01]} Ne4 {[%emt 0:00:00]} 10. Qc2 {[%emt 0:00:02]} c5 {[%emt 0:00:01]} 11. dxc5 {[%emt 0:00:01]} Qa5 {[%emt 0:00:02]} 12. Be5 {[%emt 0:00:02]} Nc6 {[%emt 0:00:02]} 13. Rc1 {[%emt 0:00:03]} Nxe5 {[%emt 0:00:06]} 14. Nxe5 {[%emt 0:00:00]} Bxc3+ {[%emt 0:00:08]} 15. bxc3 {[%emt 0:00:01]} Qxc5 {[%emt 0:00:00]} 16. Bd3 {[%emt 0:00:01]} f6 {[%emt 0:00:04]} 17. Nf3 {[%emt 0:00:01]} Bg4 {[%emt 0:00:01]} 18. Nd4 {[%emt 0:00:01]} Rac8 {[%emt 0:00:02]} 19. Bxe4 {[%emt 0:00:01]} dxe4 {[%emt 0:00:02]} 20. Qxe4 {[%emt 0:00:01]} f5 {[%emt 0:00:01]} 21. Qe6+ {[%emt 0:00:01]} Kg7 {[%emt 0:00:01]} 22. h3 {[%emt 0:00:02]} Bh5 {[%emt 0:00:02]} 23. h4 {[%emt 0:00:03]} Rf6 {[%emt 0:00:07]} 24. Qd7+ {[%emt 0:00:02]} Bf7 {[%emt 0:00:01]} 25. hxg5 {[%emt 0:00:01]} hxg5 {[%emt 0:00:00]} 26. Rh5 {[%emt 0:00:05]} g4 {[%emt 0:00:06]} 27. Rxf5 {[%emt 0:00:05]} Rxf5 {[%emt 0:00:01]} 28. Qxf5 {[%emt 0:00:00]} Qxf5 {[%emt 0:00:02]} 29. Nxf5+ {[%emt 0:00:00]} Kf6 {[%emt 0:00:00]} 30. Nd4 {[%emt 0:00:02]} Bxa2 {[%emt 0:00:00]} 31. Kd2 {[%emt 0:00:01]} Bd5 {[%emt 0:00:01]} 32. f3 {[%emt 0:00:01]} gxf3 {[%emt 0:00:00]} 33. gxf3 {[%emt 0:00:00]} b6 {[%emt 0:00:00]} 34. e4 {[%emt 0:00:01]} Bb7 {[%emt 0:00:00]} 35. Ra1 {[%emt 0:00:01]} Rd8 {[%emt 0:00:00]} 36. Rxa7 {[%emt 0:00:01]} Rd7 {[%emt 0:00:00]} 37. Ra1 {[%emt 0:00:03]} Ke5 {[%emt 0:00:00]} 38. Rh1 {[%emt 0:00:00]} Kf4 {[%emt 0:00:00]} 39. Rh5 {[%emt 0:00:00]} Rf7 {[%emt 0:00:01]} 40. Rf5+ {[%emt 0:00:00]} Rxf5 {[%emt 0:00:00]} 41. exf5 {[%emt 0:00:00]} Ke5 {[%emt 0:00:00]} 42. f6 {[%emt 0:00:00]} Kxf6 {[%emt 0:00:01]} 43. f4 {[%emt 0:00:01]} Ke7 {[%emt 0:00:00]} 44. Ke3 {[%emt 0:00:00]} Kd6 {[%emt 0:00:00]} 45. Ne2 {[%emt 0:00:00]} Kc5 {[%emt 0:00:00]} 46. Ng3 {[%emt 0:00:00]} Kc4 {[%emt 0:00:00]} 47. Ne4 {[%emt 0:00:01]} Bxe4 {[%emt 0:00:01]} 48. Kxe4 {[%emt 0:00:00]} Kxc3 {[%emt 0:00:00]} 49. f5 {[%emt 0:00:00]} b5 {[%emt 0:00:00]} 50. f6 {[%emt 0:00:00]} b4 {[%emt 0:00:00]} 51. f7 {[%emt 0:00:00]} b3 {[%emt 0:00:00]} 52. f8=Q {[%emt 0:00:00]} Kc2 {[%emt 0:00:00]} 53. Qc5+ {[%emt 0:00:01]} Kb2 {[%emt 0:00:00]} 54. Kd3 {[%emt 0:00:01]} Ka2 {[%emt 0:00:00]} 55. Qa5+ {[%emt 0:00:01]} Kb1 {[%emt 0:00:00]} 56. Kd2 {[%emt 0:00:01]} b2 {[%emt 0:00:00]} 57. Qb4 {[%emt 0:00:00]} Ka1 {[%emt 0:00:00]} 58. Kc2 {[%emt 0:00:00]} b1=Q+ {[%emt 0:00:00]} 59. Qxb1# {[%emt 0:00:00] (Lag: Av=0.83s, max=1.5s) (Lag: Av=0.83s, max=1.5s) (Lag: Av=0.83s, max=1.5s)} 1-0

[Event "Stay Safe Play From Home 406"]
[Site "Emanuel Lasker Arena"]
[Date "2020.08.24"]
[Round "4"]
[White "MihailoVujic"]
[Black "Trotsky"]
[Result "1-0"]
[WhiteElo "2235"]
[BlackElo "1585"]
[PlyCount "53"]
[EventDate "2020.08.24"]
[EventType "swiss (blitz)"]

1. d4 {[%emt 0:00:02]} d5 {[%emt 0:00:01]} 2. c4 {[%emt 0:00:01]} e6 {[%emt 0:00:00]} 3. Nc3 {[%emt 0:00:00]} c5 {[%emt 0:00:01]} 4. cxd5 {[%emt 0:00:01]} exd5 {[%emt 0:00:01]} 5. e4 {[%emt 0:00:00]} Be6 {[%emt 0:00:04]} 6. exd5 {[%emt 0:00:05]} Bxd5 {[%emt 0:00:01]} 7. dxc5 {[%emt 0:00:02]} Nf6 {[%emt 0:00:10]} 8. Nf3 {[%emt 0:00:02]} Nc6 {[%emt 0:00:03]} 9. Be3 {[%emt 0:00:03]} a6 {[%emt 0:00:01]} 10. Be2 {[%emt 0:00:02]} Qc7 {[%emt 0:00:01]} 11. O-O {[%emt 0:00:03]} O-O-O {[%emt 0:00:01]} 12. a3 {[%emt 0:00:02]} Bxf3 {[%emt 0:00:02]} 13. Bxf3 {[%emt 0:00:01]} Rxd1 {[%emt 0:00:01]} 14. Rfxd1 {[%emt 0:00:01]} h5 {[%emt 0:00:02]} 15. h3 {[%emt 0:00:02]} Ng4 {[%emt 0:00:03]} 16. hxg4 {[%emt 0:00:02]} hxg4 {[%emt 0:00:01]} 17. Bxg4+ {[%emt 0:00:01]} Kb8 {[%emt 0:00:04]} 18. Bh3 {[%emt 0:00:01]} Ne5 {[%emt 0:00:04]} 19. Nd5 {[%emt 0:00:01]} Qc6 {[%emt 0:00:02]} 20. Bf4 {[%emt 0:00:01]} f6 {[%emt 0:00:01]} 21. b4 {[%emt 0:00:02]} g5 {[%emt 0:00:02]} 22. Bg3 {[%emt 0:00:02]} g4 {[%emt 0:00:02]} 23. Bxe5+ {[%emt 0:00:02]} fxe5 {[%emt 0:00:02]} 24. Bxg4 {[%emt 0:00:01]} Rh4 {[%emt 0:00:02]} 25. Bf3 {[%emt 0:00:01]} Qh6 {[%emt 0:00:01]} 26. g3 {[%emt 0:00:01]} Rh1+ {[%emt 0:00:01]} 27. Bxh1 {[%emt 0:00:01] Trotsky Ñäàåòñÿ Trotsky Ñäàåòñÿ Trotsky Ñäàåòñÿ (Lag: Av=0.45s, max=0.6s) (Lag: Av=0.45s, max=0.6s) (Lag: Av=0.45s, max=0.6s)} 1-0